| 000 | 00529nam a2200181Ia 4500 | ||
|---|---|---|---|
| 003 | GCL | ||
| 008 | 140319s9999 xx 000 0 ara d | ||
| 040 |
_aGCL / _cGCL |
||
| 082 | 0 | 4 |
_a922.582 _bع م |
| 100 | 1 | _aعبدالحليم الجندى | |
| 245 | 1 | 0 |
_aمالك بن انس: امام دار الهجرة / _cعبدالحليم الجندى |
| 260 |
_a[S.N] : _bدار المعارف ، _c1993 |
||
| 300 | _a301 ص | ||
| 490 | _a | ||
| 650 | 0 | 4 | _aتاريخ |
| 650 | 0 | 4 | _aالمدينة المنورة |
| 942 |
_2ddc _cBK |
||
| 999 |
_c53399 _d53399 |
||